Statistiques concernant Casablanca - Culture générale

Cliquez ici pour prendre le quiz!

Statistiques générales

  • Ce quiz a été pris 263 fois
  • Le résultat moyen est 8 sur 15

Statistiques - réponses

InformationRéponse% Correct
Pays dont Casablanca est la plus grande villeMaroc
100%
Capitale de ce pays, pourtant plus petiteRabat
96%
Casablanca est toutefois considérée comme la capitale ____ du paysÉconomique
91%
Traduction, depuis l'espagnol, du nom de la villeMaison blanche
91%
Puissance européenne qui détruisit en grande partie la ville en 1907France
81%
Étendue d'eau qui borde CasablancaOcéan Atlantique
72%
Immense mosquée qui porte le nom du roi commanditaireMosquée {Hassan-II}
69%
Humoriste connu pour ses stand-ups ou ses rôles dans des comédies françaisesGad Elmaleh
66%
Chanteur de chanson française connu pour Foule sentimentale né à CasaAlain Souchon
42%
Réunion de puissances alliées pour discuter de la stratégie devant menée à la fin de la seconde guerre mondiale{Conférence} de Casablanca
27%
Chanson "dont vous devez vous souvenir" fameuse dans ce filmAs {time} goes by
25%
Acteur qui joue dans Casablanca (1942) considéré comme chef-d'œuvreHumphrey Bogart
22%
Actrice qui joue dans ce même film Ilsa LundIngrid Bergman
18%
Nom précédant de la ville signifiant "colline", également nom berbère de la villeAnfa
17%
Mouvement artistique "décoratif" dont nous retrouvons nombreux témoignages iciArt déco
16%

Distribution des résultats

Percentile par nombre de réponses

% des personnes avec chaque résultat

Votre développement - résultats

Vous n’avez pas pris ce quiz